Countries that end with NIA - Statistics

General Stats
  • This quiz has been taken 49 times
    12 since last reset
  • The average score is 6 of 9
Answer Stats
Answer % Correct
Albania
100%
Slovenia
82%
Estonia
73%
Armenia
64%
Mauritania
64%
Romania
64%
Lithuania
55%
North Macedonia
55%
Tanzania
55%
No matching quizzes found
Score Distribution
Percent of People with Each Score
Percentile by Number Answered
Your Score History
You have not taken this quiz since the last reset